Statistics for Name the Disney Animated Movies

Click here to take the quiz!

General Stats

  • This quiz has been taken 179,378 times
    (46,918 since last reset)
  • The average score is 24 of 58

Answer Stats

YearMovie% Correct
1937Snow White and the
Seven Dwarfs
94%
1950Cinderella
89%
2013Frozen
86%
1991Beauty and the Beast
80%
1959Sleeping Beauty
79%
1994The Lion King
77%
1989The Little Mermaid
76%
1992Aladdin
76%
1998Mulan
75%
1995Pocahontas
66%
2019Frozen 2
66%
2010Tangled
66%
2009The Princess and
the Frog
62%
2016Moana
59%
1940Pinocchio
57%
1967The Jungle Book
57%
1940Fantasia
56%
1941Dumbo
54%
1961One Hundred and One
Dalmatians
54%
1955Lady and the Tramp
53%
1942Bambi
53%
1953Peter Pan
51%
1997Hercules
50%
1970The Aristocats
46%
1999Tarzan
44%
1973Robin Hood
42%
2012Wreck-It Ralph
41%
1996The Hunchback of
Notre Dame
39%
1951Alice in Wonderland
37%
1981The Fox and the Hound
37%
2002Lilo & Stitch
34%
1977The Rescuers
34%
1963The Sword in the Stone
33%
2011Winnie the Pooh
30%
2014Big Hero 6
29%
1977The Many Adventures of
Winnie the Pooh
29%
2000The Emperor's New
Groove
28%
2001Atlantis: The Lost Empire
26%
2003Brother Bear
26%
2016Zootopia
26%
2008Bolt
24%
2018Ralph Breaks the Internet
23%
1985The Black Cauldron
23%
2002Treasure Planet
23%
1990The Rescuers Down Under
22%
2005Chicken Little
22%
1988Oliver & Company
21%
1999Fantasia 2000
21%
1986The Great Mouse Detective
19%
2007Meet the Robinsons
18%
2000Dinosaur
16%
1944The Three Caballeros
15%
2004Home on the Range
14%
1949The Adventures of Ichabod
and Mr. Toad
12%
1947Fun and Fancy Free
11%
1948Melody Time
10%
1946Make Mine Music
10%
1942Saludos Amigos
10%

Score Distribution

Percentile by Number Answered

Percent of People with Each Score

Your Score History

You have not taken this quiz since the last reset